banner koha

O oleo de algodoeiro; sua refinacao chimica. Refinarias de oleo tendo em vista o fabrico de productos alimentares, como o oleo de salada e cozinha e a banha. Importancia desses sub-productos para a economia do paiz [Gossypium spp; Industria alimenticia; Brasil] (Registro n. 303056)

MARC details
000 -LÍDER
campo de controle de tamanho fixo 01322naa a22003137a 4500
001 - NÚMERO DE CONTROLE
campo de controle BR6009975
003 - IDENTIFICADOR DO NÚMERO DE CONTROLE
campo de controle BR-BrBNA
005 - DATA E HORÁRIO DA ÚLTIMA TRANSAÇÃO
campo de controle 20240918173131.0
007 - CAMPO FIXO DE DESCRIÇÃO FÍSICA--INFORMAÇÃO GERAL
campo de controle de tamanho fixo ta
008 - CAMPO DE DADOS FIXOS--INFORMAÇÃO GERAL
campo de controle de tamanho fixo 230509b bl.||||| |||| 00| 0 por d
040 ## - FONTE DA CATALOGAÇÃO
Instituição da catalogação original BR-BrBNA
Idioma da catalogação por
Instituição que transcreveu o registro Biblioteca Nacional de Agricultura
041 ## - CÓDIGO DE IDIOMA
Código do idioma do texto/trilha sonora ou título diferente (Pt)
072 ## - CÓDIGO DE CATEGORIA DE ASSUNTO
Código de Categoria de Assunto Q10
Código do objeto 0430
-- 9533
-- G514
090 ## - NÚMERO DE CHAMADA LOCAL
Número de chamada Q10 BR6009975
100 1# - ENTRADA PRINCIPAL--NOME PESSOAL
Nome pessoal Andrade, A.A. de
111 1# - ENTRADA PRINCIPAL--NOME DO EVENTO
Nome do evento ou lugar Conferencia Internacional Algodoeira
Local do evento Rio de Janeiro, GB (Brazil)
Data do evento ou assinatura do tratado 15 Oct 1922
245 1# - TÍTULO
Título O oleo de algodoeiro; sua refinacao chimica. Refinarias de oleo tendo em vista o fabrico de productos alimentares, como o oleo de salada e cozinha e a banha. Importancia desses sub-productos para a economia do paiz [Gossypium spp; Industria alimenticia; Brasil]
260 3# - PUBLICAÇÃO, DISTRIBUIÇÃO, ETC.
Local de publicação, distribuição, etc. Rio de Janeiro, GB (Brasil):
Data da publicação, distribuição, etc. 1922.
500 ## - NOTA GERAL
Nota geral Annaes da Conferencia Internacional Algodoeira<br/>Rio de Janeiro, GB (Brasil): 1922. p. 181-207<br/>(BR6009975-AM)Q10<br/>
650 ## - ASSUNTO--TERMO TÓPICO
Cabeçalho tópico ou nome geográfico Tecnologia de alimento
650 ## - ASSUNTO--TERMO TÓPICO
Cabeçalho tópico ou nome geográfico Algodao
650 ## - ASSUNTO--TERMO TÓPICO
Cabeçalho tópico ou nome geográfico Oleo vegetal
650 ## - ASSUNTO--TERMO TÓPICO
Cabeçalho tópico ou nome geográfico Refinaria
650 ## - ASSUNTO--TERMO TÓPICO
Cabeçalho tópico ou nome geográfico Analise quimica
650 ## - ASSUNTO--TERMO TÓPICO
Cabeçalho tópico ou nome geográfico Industria alimenticia
773 0# - ENTRADA ANALÍTICA
Título Annaes da Conferencia Internacional Algodoeira
Edição
Número de controle do registro Q10 BR6009975
Partes relacionadas Rio de Janeiro, GB (Brasil), 1922. p. 181-207
909 ## -
-- 202404
-- Lucia
-- 55
-- Lucia Elande
942 ## - ELEMENTOS DE ENTRADA ADICIONADOS (KOHA)
Tipo de material Koha Capítulo-Livro
Fonte da classificação ou esquema de arquivamento na estante Classificação AGRIS
Exemplares
Situação do descarte Fonte da classificação ou esquema de arquivamento na estante Situação física Não pode ser emprestado Coleção Biblioteca de origem Biblioteca atual Localização na estante Total de empréstimos Número de telefone completo Data de último acesso Número do exemplar Tipo de material Koha Situação das perdas Data de aquisição Fonte de aquisição
  Classificação AGRIS       Biblioteca Nacional de Agricultura - Binagri Biblioteca Nacional de Agricultura - Binagri Agrobase - Acervo Geral   0430 BR7401009 20/05/2024 01 Capítulo-Livro   2024-04-11 Portaria Interministerial nº 164/94

BINAGRI

Telefone: (61)3218-2567/2388/3357/2097 - binagri@agro.gov.br

Ministério da Agricultura e Pecuária , Esplanada dos Ministérios, Bloco D, Anexo B, Brasília/DF, CEP: 70.043-900